000 00411pab a2200157 454500
008 180718b2009 xxu||||| |||| 00| 0 eng d
100 _aBhatti, Anil
245 _aCulture, diversity and similarity: a reflection on heterogeneity and homogeneity
260 _c2009
300 _ap.33-49.
362 _aJul-Aug
650 _aClutural pluralism
773 _aSocial Scientist
908 _aN
909 _a84225
999 _c84225
_d84225